Loading...
| Literature - World | 0 | 6 | 0 | 1 | 60 | 58 | 103.33 | 1 | 4 | 0.00 | 0.00 |
| History - Other | 0 | 7 | 2 | 1 | 60 | 44 | 92.86 | 2 | 3 | 0.00 | 0.00 |
| History - World | 0 | 6 | 3 | 0 | 45 | 60 | 86.33 | 5 | 6 | 0.00 | 0.00 |
| History - American | 0 | 5 | 1 | 0 | 45 | 33 | 72.40 | 1 | 4 | 0.00 | 0.00 |
| History - European | 0 | 5 | 1 | 0 | 45 | 49 | 83.60 | 1 | 4 | 0.00 | 0.00 |
| Literature - American | 0 | 4 | 0 | 1 | 40 | 94 | 121.00 | 0 | 1 | 0.00 | 0.00 |
| Literature - European | 0 | 3 | 0 | 0 | 30 | 120 | 131.67 | 0 | 0 | 0.00 | 0.00 |
| Science - Chemistry | 0 | 2 | 0 | 0 | 20 | 60 | 81.00 | 1 | 1 | 0.00 | 0.00 |
| Science - Biology | 0 | 2 | 1 | 0 | 15 | 95 | 102.50 | 0 | 1 | 0.00 | 0.00 |
| Literature - British | 0 | 2 | 1 | 0 | 15 | 142 | 143.00 | 0 | 1 | 0.00 | 0.00 |
| Fine Arts - Other | 0 | 2 | 1 | 0 | 15 | 71 | 90.00 | 1 | 2 | 0.00 | 0.00 |
| Religion | 0 | 2 | 1 | 0 | 15 | 104 | 106.50 | 0 | 2 | 0.00 | 0.00 |
| Social Science | 0 | 1 | 0 | 0 | 10 | 122 | 122.00 | 0 | 0 | 0.00 | 0.00 |
| Geography | 0 | 1 | 0 | 0 | 10 | 75 | 75.00 | 0 | 1 | 0.00 | 0.00 |
| Fine Arts - Classical Music | 0 | 1 | 0 | 1 | 10 | 127 | 127.00 | 0 | 1 | 0.00 | 0.00 |
| Mythology | 0 | 1 | 1 | 0 | 5 | 130 | 130.00 | 0 | 0 | 0.00 | 0.00 |
| Fine Arts - Painting and Sculpture | 0 | 1 | 1 | 1 | 5 | 148 | 148.00 | 0 | 0 | 0.00 | 0.00 |
| Philosophy | 0 | 1 | 1 | 0 | 5 | 126 | 126.00 | 0 | 1 | 0.00 | 0.00 |
| Other Academic | 0 | 0 | 0 | 0 | 0 | 0.00 | 0 | 0 | 0.00 | 0.00 | |
| Science - Other | 0 | 0 | 2 | 0 | -10 | 0.00 | 0 | 0 | 0.00 | 0.00 |